Description of the elements of institution of property: mechanism of property relations functioning

Metodika skúmania teoretického a metodologického základu transformácie vlastníctva v podmienkach tranzitívnej ukrajinskej ekonomiky.

Salvato in:
Dettagli Bibliografici
Autore principale: Minochkina, Olga
Natura: Capitolo di libro
Lingua:inglese
Soggetti:
Tags: Aggiungi Tag
Nessun Tag, puoi essere il primo ad aggiungerne!!

MARC

LEADER 00000naa a2200000 4500
001 0208662
005 20221019174839.1
041 0 |a eng 
044 |a SK 
245 1 0 |a Description of the elements of institution of property: mechanism of property relations functioning  |c Olga Minochkina 
520 |a Metodika skúmania teoretického a metodologického základu transformácie vlastníctva v podmienkach tranzitívnej ukrajinskej ekonomiky. 
610 2 0 |a transformácia 
610 2 0 |a vlastníctvo 
610 2 0 |a Ukrajina 
610 2 0 |a reformy hospodárske 
100 1 |a Minochkina, Olga